| 000 | 00892cad a22001935a 4500 | ||
|---|---|---|---|
| 001 | E150199 | ||
| 008 | 100611s2010 xxk f 000 0 eng d | ||
| 035 | _a(Sirsi) u150199 | ||
| 041 | 0 | _aeng | |
| 110 | 2 |
_aChartered Institute of Building _92134 |
|
| 245 | 0 | 0 |
_aManagement in the construction industry _h[electronic resource] |
| 260 |
_aAscot _bCIOB _c2010 |
||
| 520 | _aLooks at how construction management relates to management more generally. 70% of respondents suggested that the skills required by construction managers are different to other managers, mainly in the adaptability and flexibility required in construction management. Tables and graphs. | ||
| 590 | _aKA | ||
| 651 | 4 |
_aUnited Kingdom _y |
|
| 690 | _aBUILT ENVIRONMENT-CONSTRUCTION MANAGEMENT | ||
| 856 | 4 | 0 |
_uhttps://www.ciob.org.uk/node/16578 _zView the report free of charge (PDF file) at www.ciob.org.uk |
| 942 | _n0 | ||
| 999 |
_c110788 _d110788 |
||